Trouve le joueur 🇮🇹⚽️ - Statistiques

Statistiques générales
  • Ce quiz a Ă©tĂ© pris 97 fois
  • Le rĂ©sultat moyen est 20 sur 30
Statistiques - réponses
Par images Réponse % Correct
Donnarumma
99%
Buffon
98%
Pirlo
98%
Verratti
98%
Balotelli
97%
Maldini
96%
Totti
95%
Chiesa
90%
Immobile
87%
Cannavaro
85%
Kean
84%
Acerbi
81%
Del Piero
80%
Tonali
80%
Baggio
74%
Inzaghi
74%
Bastoni
66%
Nesta
62%
Florenzi
59%
Darmian
46%
Retegui
44%
De Sciglio
41%
Di Gregorio
35%
Grifo
35%
Zaniolo
33%
Rugani
29%
Bonaventura
27%
Candreva
25%
Politano
20%
Buongiorno
15%
Aucun quiz correspondant
Distribution des résultats
% des personnes avec chaque résultat
Percentile par nombre de réponses
Votre historique - résultats
Vous n’avez pas pris ce quiz